01475nam a2200253 a 4500001001000000005001700010008004100027041000800068044000700076084002100083100004500104245009500149260003600244300003000280500022600310500012300536500031000659500001500969650005200984650005601036650003401092650004501126740005001171BRCA_270820190320203931.0031208s1890----fr-a---###---#000-0dspa-# aspa afr a213b.G376c18901 aCervantes Saavedra, Miguel ded1547-161610aEl Ingenioso Hidalgo Don Quijote de la Manchaccompuesto por Miguel de Cervantes Saavedra. aParísbGarnier hermanosc1890 axliv, 786 p.bil.c24 cm. aContenido : Primera parte. Vida de Cervantes refundición de la escrita por Aribau. Dedicatoria del autor. Prólogo del autor. Versos preliminares. Texto. Segunda parte. Dedicatoria del autor. Prólogo del autor. Texto aEdición : Conforme a la última corregida por la Academia Española con notas para la buena inteligencia del texto aEdición hecha sobre la de 1873 de los mismos editores. Va adornada con láminas dibujadas por Staal, grabadas por Mouard y Pinnard. Impresión muy buena y papel también. Tela; lomera y planos decorados con florones y filetes en negro y dorado; corte dorado también. Bello ejemplar Lúdovik Osterc aQMR109 (?)14aNovela españolayÉpoca clásica, 1500-170014aLiteratura españolayÉpoca clásica, 1500-170014aNovela españolaySiglo XVII14aDon Quijote (Personaje ficticio)eNovela0 aEl Ingenioso Hidalgo Don Quijote de la Mancha